| 000 | 00536nam a2200193Ia 4500 | ||
|---|---|---|---|
| 005 | 20250508150338.0 | ||
| 008 | 008 250505s9999 xx 000 0 eng d | ||
| 037 | _aTextual | ||
| 040 |
_aFEDL _beng _cFEDL |
||
| 041 |
_aeng _2eng |
||
| 084 |
_a371.3 _qFEDL |
||
| 100 |
_aMelvin Gordon A _9756458 |
||
| 245 | 0 | _aTeaching a basic text in education | |
| 260 |
_aNew York, USA _bThe John Day Company _c1944 |
||
| 300 | _a270p. | ||
| 650 |
_aTeacher - Technique _9755755 |
||
| 942 |
_cTEXL _h371.3 |
||
| 999 |
_c1323121 _d1323121 |
||